000 00797nam a2200253Ia 4500
003 OSt
005 20221002050616.0
006 a|||||r|||| 00| 0
007 ta
008 220930b |||||||| |||| 00| 0 eng d
020 _c580
024 _a16562
037 _b4312, 17/01/2015, Meharchand Lachhmandas Publications
_cReference Collections
040 _aCRL
_cCRL
_beng
041 _2eng
_aeng
082 _aQ127:22, 111C4;N0.5
100 _aEggeling Julius Tr.
245 0 _aSatapatha brahmana
260 _aNew Delhi
_bAtlantic Publishers &
_c1990
300 _ali,596p.
_ccm.
650 _aRELIGION
942 _hQ127:22, 111C4;N0.5
_cref
_2CC
999 _c915000
_d915000